00248nam a2200085Ia 450000500170000000800410001724500770005826000100013599900170014520250523155753.0250523s9999 xx 000 0 und d 0aEce Yüce/Ece nin Çorapları Çok GülünçcGülten Dayıoğlu bALTIN c12151d12151